Statistics for The Jeppy Shuffle

Click here to take the quiz!

General Stats

  • This quiz has been taken 45 times
  • The average score is 22 of 46

Answer Stats

HintAnswer% Correct
Back to the hug! ♩♫♩
~~/\/\/\/\~~
< (_) (_) >
.\__O__/
________
Jeppy Hug
93%
♩♫♩ Let's start real easy. Do the Jeppy Hug!
~~/\/\/\/\~~
< (_) (_) >
.\__O__/
________
Jeppy Hug
90%
Hug it out! ♩♫♩
~~/\/\/\/\~~
< (_) (_) >
.\__O__/
________
Jeppy Hug
86%
Left hand up! ♩♫♩
~~/\/\/\/\~~
^ (_) (_) >
.\__O__/
________
↑ Left Hand
86%
Left hand up! ♩♫♩
~~/\/\/\/\~~
^ (_) (_) >
.\__O__/
________
↑ Left Hand
86%
Right hand up! ♩♫♩
~~/\/\/\/\~~
< (_) (_) ^
.\__O__/
________
↑ Right Hand
86%
Right hand up! ♩♫♩
~~/\/\/\/\~~
< (_) (_) ^
.\__O__/
________
↑ Right Hand
86%
Put ya butt down on the floor! ♩♫♩
~~~~~~~
.../\/\/\/\
< (_) (_) >
_\__O__/_
↓ Get Down ↓
83%
And now hug some more! ♩♫♩
~~/\/\/\/\~~
< (_) (_) >
.\__O__/
________
Jeppy Hug
83%
Now hug it out! ♩♫♩
~~/\/\/\/\~~
< (_) (_) >
.\__O__/
________
Jeppy Hug
83%
Both hands up! ♩♫♩
~~/\/\/\/\~~
^ (_) (_) ^
.\__O__/
________
↑ Hands Up ↑
79%
♫♫♫♫♫♫♫
~~~~~~~
.../\/\/\/\
< (_) (_) >
_\__O__/_
↓ Get Down ↓
52%
♫♫♫♫♫♫♫
~~/\/\/\/\~~
< (_) (_) >
.\__O__/
________
Jeppy Hug
52%
♫♫♫♫♫♫♫
~~/\/\/\/\~~
^ (_) (_) >
.\__O__/
________
↑ Left Hand
52%
♫♫♫♫♫♫♫
~~/\/\/\/\~~
< (_) (_) >
.\__O__/
________
Jeppy Hug
48%
♫♫♫♫♫♫♫
~~/\/\/\/\~~
< (_) (_) >
.\__O__/
________
Jeppy Hug
48%
♫♫♫♫♫♫♫
~~/\/\/\/\~~
^ (_) (_) >
.\__O__/
________
↑ Left Hand
48%
♫♫♫♫♫♫♫
~~/\/\/\/\~~
< (_) (_) ^
.\__O__/
________
↑ Right Hand
48%
♫♫♫♫♫♫♫
~~/\/\/\/\~~
< (_) (_) >
.\__O__/
________
Jeppy Hug
45%
♫♫♫♫♫♫♫
~~/\/\/\/\~~
< (_) (_) ^
.\__O__/
________
↑ Right Hand
45%
♫♫♫♫♫♫♫
~~/\/\/\/\~~
< (_) (_) ^
.\__O__/
________
↑ Right Hand
45%
♫♫♫♫♫♫♫
~~~~~~~
.../\/\/\/\
< (_) (_) >
_\__O__/_
↓ Get Down ↓
41%
♫♫♫♫♫♫♫
~~~~~~~
.../\/\/\/\
< (_) (_) >
_\__O__/_
↓ Get Down ↓
41%
♫♫♫♫♫♫♫
~~/\/\/\/\~~
< (_) (_) >
.\__O__/
________
Jeppy Hug
41%
♫♫♫♫♫♫♫
~~/\/\/\/\~~
^ (_) (_) >
.\__O__/
________
↑ Left Hand
41%
♫♫♫♫♫♫♫
~~/\/\/\/\~~
< (_) (_) ^
.\__O__/
________
↑ Right Hand
41%
♫♫♫♫♫♫♫
~~~~~~~
.../\/\/\/\
< (_) (_) >
_\__O__/_
↓ Get Down ↓
38%
♫♫♫♫♫♫♫
~~/\/\/\/\~~
^ (_) (_) ^
.\__O__/
________
↑ Hands Up ↑
38%
♫♫♫♫♫♫♫
~~/\/\/\/\~~
^ (_) (_) ^
.\__O__/
________
↑ Hands Up ↑
38%
♫♫♫♫♫♫♫
~~/\/\/\/\~~
< (_) (_) ^
.\__O__/
________
↑ Right Hand
38%
♫♫♫♫♫♫♫
~~/\/\/\/\~~
^ (_) (_) ^
.\__O__/
________
↑ Hands Up ↑
34%
Now follow the moves! ♩♫♩
~~/\/\/\/\~~
< (_) (_) ^
.\__O__/
________
↑ Right Hand
34%
♫♫♫♫♫♫♫
~~/\/\/\/\~~
^ (_) (_) ^
.\__O__/
________
↑ Hands Up ↑
31%
And that's how you do... ♩♫♩
~~/\/\/\/\~~
< (_) (_) >
.\__O__/
________
Jeppy Hug
31%
♫♫♫♫♫♫♫
~~/\/\/\/\~~
^ (_) (_) >
.\__O__/
________
↑ Left Hand
31%
♫♫♫♫♫♫♫
~~~~~~~
.../\/\/\/\
< (_) (_) >
_\__O__/_
↓ Get Down ↓
28%
♫♫♫♫♫♫♫
~~/\/\/\/\~~
< (_) (_) ^
.\__O__/
________
↑ Right Hand
28%
♫♫♫♫♫♫♫
~~~~~~~
.../\/\/\/\
< (_) (_) >
_\__O__/_
↓ Get Down ↓
24%
♫♫♫♫♫♫♫
~~/\/\/\/\~~
^ (_) (_) >
.\__O__/
________
↑ Left Hand
24%
♫♫♫♫♫♫♫
~~/\/\/\/\~~
^ (_) (_) >
.\__O__/
________
↑ Left Hand
24%
♫♫♫♫♫♫♫
~~/\/\/\/\~~
^ (_) (_) >
.\__O__/
________
↑ Left Hand
24%
♫♫♫♫♫♫♫
~~/\/\/\/\~~
< (_) (_) ^
.\__O__/
________
↑ Right Hand
24%
♫♫♫♫♫♫♫
~~/\/\/\/\~~
< (_) (_) ^
.\__O__/
________
↑ Right Hand
24%
♫♫♫♫♫♫♫
~~/\/\/\/\~~
< (_) (_) ^
.\__O__/
________
↑ Right Hand
24%
The Jeppy Shuffle!!! ♩♫♩
~~/\/\/\/\~~
^ (_) (_) ^
.\__O__/
________
↑ Hands Up ↑
21%
♫♫♫♫♫♫♫
~~/\/\/\/\~~
< (_) (_) ^
.\__O__/
________
↑ Right Hand
21%

Score Distribution

Percentile by Number Answered

Percent of People with Each Score

Your Score History

You have not taken this quiz